Tronaron los fusiles sierra abajo /

Salvato in:
Dettagli Bibliografici
Autore principale: Castillo Bernal, Andrés (autor)
Natura: Libro
Lingua:spagnolo
Pubblicazione: La Habana, Cuba : Pablo de la Torriente, 1989, c1989
Soggetti:
Tags: Aggiungi Tag
Nessun Tag, puoi essere il primo ad aggiungerne!!

MARC

LEADER 00000nam^a2200000^a^4500
001 000184522
005 20250521000000.0
009 20260310102119.466
037 |a Acervo ITESO - Biblioteca 
041 |a ESP 
082 |a 320. 97291064  |b CAS 
100 |a Castillo Bernal, Andrés  |e (autor) 
245 1 0 |a Tronaron los fusiles sierra abajo /  |c A. Castillo Bernal. 
264 4 |a La Habana, Cuba :  |b Pablo de la Torriente,  |c 1989, c1989 
300 |a 199 p. 
336 |a texto  |b txt  |2 rdacontenido 
337 |a sin mediación  |b n  |2 rdamedio 
338 |a volumen  |b nc  |2 rdasoporte 
649 |a XX 
650 |a Artículos Periodísticos Cubanos 
650 |a Periodismo Político -  |z Cuba 
650 |a Política -  |z Cuba -  |x Historia -  |y 1959-2006 
650 |a Política -  |z Cuba -  |x Historia -  |y Siglo XX 
650 |a Cuba -  |x Condiciones Políticas 
910 |a Fondo General 
920 |a Impresos - Libros 
930 |a Colección General 
905 |a 101 
901 |a 0500125472  |b IT1  |c ACC  |u 20250521 
902 |a https://opac.biblio.iteso.mx/vufind/Record/000184522